Syntéza a vlastnosti acyklických analógov lilakových aldehydov

Uložené v:
Podrobná bibliografia
Hlavný autor: Dacho, Vladimír (Autor)
Ďalší autori: Szolcsányi, Peter (Vedúci práce)
Médium: Rukopis Kniha
Jazyk:Slovak
Vydavateľské údaje: 2020
Predmet:
On-line prístup:http://is.stuba.sk/zp/portal_zp.pl?podrobnosti=150707
Tagy: Pridať tag
Žiadne tagy, Buďte prvý, kto otaguje tento záznam!

MARC

LEADER 00000ntm a22000003a 4500
001 stuzp78610
003 SK-STU
005 20200627210404.4
007 ta
008 150427s2015----xo-----f-mn---000-0-slo-d
040 |a STU  |b slo 
041 0 |a slo 
100 1 |a Dacho, Vladimír  |u 048140  |4 aut  |U FCHPT Ústav organickej chémie, katalýzy a petrochémie  |T FCHPT Oddelenie organickej chémie  |X 81901  |U C8140  |Y 124  |7 81901 
242 0 1 |a Synthesis and properties of acyclic analogues of lilac aldehydes  |y eng 
245 1 0 |a Syntéza a vlastnosti acyklických analógov lilakových aldehydov 
260 |c 2020 
650 4 |a Williamsonova éterifikácia  |2 slo 
650 4 |a vonné zlúčeniny  |2 slo 
650 4 |a lilakové aldehydy  |2 slo 
650 4 |a substitúcia vs. eliminácia  |2 slo 
650 4 |a senzorická analýza  |2 slo 
650 4 |a fragrance compounds  |2 eng 
650 4 |a sensory analysis  |2 eng 
650 4 |a lilac aldehydes  |2 eng 
650 4 |a Williamson etherification  |2 eng 
650 4 |a substitution vs. elimination  |2 eng 
700 1 |a Szolcsányi, Peter  |u 048140  |k Z1  |4 ths  |U FCHPT Ústav organickej chémie, katalýzy a petrochémie  |T FCHPT Oddelenie organickej chémie  |X 3952  |U C8140  |Y 124  |7 A000003952 
856 4 |u http://is.stuba.sk/zp/portal_zp.pl?podrobnosti=150707